000 01388cam a2200337 a 4500
001 EDZ0000071652
003 StDuBDS
005 20161031105127.0
006 m||||||||d||||||||
007 cr |||||||||||
008 120405s2004 enka fo| 001|0|eng d
020 _a9781446215531 (ebook) :
_cNo price
040 _aStDuBDS
_beng
_cStDuBDS
_epn
049 _aAlfaisal Main Library
050 0 _aRC488.5
_b.L69 2004
082 0 4 _a616.89156
_223
100 1 _aLowe, Roger D.
245 1 0 _aFamily therapy
_h[electronic resource] :
_ba constructive framework /
_cRoger Lowe.
260 _aLondon :
_bSAGE,
_c2004.
300 _a1 online resource (214 p.) :
_bill.
520 8 _aRoger Lowe introduces practitioners to the principles of using a constructive and collaborative approach with families. The approach builds on a strengths-based philosophy and focuses on enhancing family resilience and competence in a way that is both time-efficient and comprehensive.
521 _aSpecialized.
588 _aDescription based on print version record.
504 _aIncludes bibliographical references and index.
650 0 _aFamily psychotherapy.
655 7 _aElectronic books.
_2local
710 2 _aSage eBooks
776 0 8 _iPrint version :
_z9780761943037
856 4 0 _uhttp://ezproxy.alfaisal.edu/login?url=http://sk.sagepub.com/books/family-therapy
942 _2lcc
_cEBOOKS
999 _c479870
_d479870